000050313 001__ 50313
000050313 005__ 20230317221021.0
000050313 0247_ $$2doi$$a10.1016/0042-207X(84)90110-6
000050313 0247_ $$2ISSN$$a0042-207X
000050313 0247_ $$2ISSN$$a1879-2715
000050313 0247_ $$2WOS$$aWOS:A1984SG18600015
000050313 037__ $$aGSI-2013-01938
000050313 041__ $$aEnglish
000050313 082__ $$a530
000050313 1001_ $$0P:(DE-Ds200)OR1226$$aSpädtke, P$$b0$$eCorresponding author$$ugsi
000050313 245__ $$aHV-gap geometries for high current heavy ion acceleration and beam transport
000050313 260__ $$aAmsterdam [u.a.]$$bElsevier Science$$c1984
000050313 3367_ $$0PUB:(DE-HGF)16$$2PUB:(DE-HGF)$$aJournal Article$$bjournal$$mjournal$$s1365670268_28960
000050313 3367_ $$2DRIVER$$aarticle
000050313 3367_ $$2BibTeX$$aARTICLE
000050313 3367_ $$00$$2EndNote$$aJournal Article
000050313 536__ $$0G:(DE-HGF)POF2-899$$a899 - ohne Topic (POF2-899)$$cPOF2-899$$fPOF I$$x0
000050313 588__ $$aDataset connected to CrossRef, repository.gsi.de
000050313 7001_ $$0P:(DE-HGF)0$$aWolf, BH$$b1
000050313 773__ $$0PERI:(DE-600)1479044-0$$a10.1016/0042-207X(84)90110-6$$gVol. 34, no. 1-2, p. 73 - 82$$n1-2$$p73 - 82$$tVacuum$$v34$$x0042-207X$$y1984
000050313 909CO $$ooai:repository.gsi.de:50313$$pVDB
000050313 9101_ $$0I:(DE-Ds200)20121206GSI$$6P:(DE-Ds200)OR1226$$aGSI Helmholtzzentrum für Schwerionenforschung GmbH$$b0$$kGSI
000050313 9101_ $$0I:(DE-Ds200)20121206GSI$$6P:(DE-HGF)0$$aGSI Helmholtzzentrum für Schwerionenforschung GmbH$$b1$$kGSI
000050313 9131_ $$0G:(DE-HGF)POF2-899$$1G:(DE-HGF)POF2-890$$2G:(DE-HGF)POF2-800$$3G:(DE-HGF)POF2$$4G:(DE-HGF)POF$$aDE-HGF$$bProgrammungebundene Forschung$$lohne Programm$$vohne Topic$$x0
000050313 915__ $$0StatID:(DE-HGF)0010$$2StatID$$aJCR/ISI refereed
000050313 915__ $$0StatID:(DE-HGF)0100$$2StatID$$aJCR
000050313 915__ $$0StatID:(DE-HGF)0110$$2StatID$$aWoS$$bScience Citation Index
000050313 915__ $$0StatID:(DE-HGF)0111$$2StatID$$aWoS$$bScience Citation Index Expanded
000050313 915__ $$0StatID:(DE-HGF)0150$$2StatID$$aDBCoverage$$bWeb of Science Core Collection
000050313 915__ $$0StatID:(DE-HGF)0199$$2StatID$$aDBCoverage$$bThomson Reuters Master Journal List
000050313 915__ $$0StatID:(DE-HGF)0200$$2StatID$$aDBCoverage$$bSCOPUS
000050313 915__ $$0StatID:(DE-HGF)0300$$2StatID$$aDBCoverage$$bMedline
000050313 915__ $$0StatID:(DE-HGF)0420$$2StatID$$aNationallizenz
000050313 915__ $$0StatID:(DE-HGF)1050$$2StatID$$aDBCoverage$$bBIOSIS Previews
000050313 915__ $$0StatID:(DE-HGF)1150$$2StatID$$aDBCoverage$$bCurrent Contents - Physical, Chemical and Earth Sciences
000050313 920__ $$lyes
000050313 9201_ $$0I:(DE-Ds200)APH-20060809OR090$$kAPH$$lAccelerator Physics$$x0
000050313 980__ $$ajournal
000050313 980__ $$aVDB
000050313 980__ $$aI:(DE-Ds200)20121002OR090
000050313 980__ $$aI:(DE-Ds200)APH-20060809OR090
000050313 980__ $$aUNRESTRICTED